000 01415nam0a2200301 4500
001 RU\NLR\bibl\1091117
005 20260409064116.0
010 _a978-5-377-00417-2
_95000
021 _aRU
_b2007-26095
_91388
035 _a(NLR Aleph) 001078251
090 _a1041977
_c1041977
100 _a20070525d2007 |||y0rusy50 ca
101 0 _arus
102 _aRU
105 _ay |||||||||
200 1 _aТаможенный кодекс Российской Федерации
_eофициальный текст, действующая редакция
_e[принят Государственной Думой 25 апреля 2003 года
_eодобрен Советом Федерации 14 мая 2003 года]
210 _aМосква
_cЭкзамен
_d2007
215 _a255 с.
_d20
225 1 _aСерия "Кодексы и Законы"
604 _171001$aРоссийская Федерация
_1500##$3RU\NLR\AUTH\661259593$aТаможенный кодекс$2nlr_sh2
_aРоссийская Федерация
_tТаможенный кодекс
_92083529
_3RU\NLR\AUTH\661259593
686 1 _aХ621.165.203.1-324.9(2Р)
740 1 _aРоссийская Федерация
_tЗаконы
_iТаможенный кодекс
_3RU\NLR\AUTH\880379499
_9425392
801 0 _aRU
_bNLR
_c20070525
_gRCR
801 1 _aRU
_bNLR
_c20070525
942 _cBOOK
980 _aNB